| 000 | 01232cam a2200337 a 4500 | ||
|---|---|---|---|
| 999 |
_c174469 _d174469 |
||
| 001 | 14583050 | ||
| 003 | Nust | ||
| 005 | 20180731071206.0 | ||
| 008 | 061004s2006 nyu b 000 1 eng | ||
| 010 | _a 2006046905 | ||
| 020 |
_a9780007248995 _cRs. 340 |
||
| 035 | _a(OCoLC)ocm73503259 | ||
| 038 | _aArshad | ||
| 040 |
_aDLC _cDLC _dIG# _dBAKER _dWIQ _dDLC |
||
| 050 | 0 | 0 |
_aPS3553.R48 _bN48 2006 |
| 082 | 0 | 0 |
_a813.54 _bCRI |
| 100 | 1 |
_aCrichton, Michael, _d1942-2008. _912099 |
|
| 245 | 1 | 0 |
_aNext : _ba novel / _cMichael Crichton. |
| 250 | _a1st ed. | ||
| 260 |
_aNew York : _bHarperCollins Publishers, _c2006. |
||
| 300 |
_a431 p. ; _c24 cm. |
||
| 504 | _aIncludes bibliographical references (p. [425]-431). | ||
| 650 | 0 |
_aGenetics _vFiction. _912140 |
|
| 650 | 0 |
_aMutation (Biology) _vFiction. _912141 |
|
| 655 | 7 |
_aSuspense fiction. _2gsafd _94577 |
|
| 856 | 4 | 2 |
_3Contributor biographical information _uhttp://www.loc.gov/catdir/enhancements/fy0911/2006046905-b.html |
| 856 | 4 | 2 |
_3Publisher description _uhttp://www.loc.gov/catdir/enhancements/fy0911/2006046905-d.html |
| 906 |
_a7 _bcbc _corignew _d1 _eocip _f20 _gy-gencatlg |
||
| 942 |
_2ddc _cBK |
||